000 00306nam a22001457a 4500
003 SGT
082 _a510,SIN
100 _aSINGH,BHUPENDRA
245 _aNUMERICAL ANALYSIS
250 _a1ST
260 _aMEERUT
_bPRAGATI PRAKASHAN
_c2016
300 _a584
650 _aMATHEMATICS
942 _2ddc
_cFPS
_08
999 _c10028
_d10028